Подробности
| 000 -МАРКЕР |
| контрольное поле |
02698nam0a2200409 4500 |
| 001 - ИДЕНТИФИКАТОР ЗАПИСИ |
| контрольное поле |
RU\NLR\BIBL_A\010572146 |
| 005 - ИДЕНТИФИКАТОР ВЕРСИИ |
| контрольное поле |
20260406162427.0 |
| 021 ## - НОМЕР ГОСУДАРСТВЕННОЙ РЕГИСТРАЦИИ |
| Код страны |
Российская Федерация |
| Номер |
2014-78477 |
| Номер Листа государственной регистраци |
4799 |
| 035 ## - ДРУГИЕ СИСТЕМНЫЕ НОМЕРА |
| Идентификатор записи |
(NLR Aleph) 010572146 |
| 035 ## - ДРУГИЕ СИСТЕМНЫЕ НОМЕРА |
| Идентификатор записи |
(NILC)RuMoRGB-007568828 |
| 100 ## - ДАННЫЕ ОБЩЕЙ ОБРАБОТКИ |
| Данные общей обработки |
20141222d2014 k y0rusy50 ca |
| 101 0# - ЯЗЫК РЕСУРСА |
| Язык текста, звукозаписи и т.д. |
русский |
| 102 ## - СТРАНА ПУБЛИКАЦИИ ИЛИ ПРОИЗВОДСТВА |
| Страна публикации |
Российская Федерация |
| 105 ## - ПОЛЕ КОДИРОВАННЫХ ДАННЫХ: ТЕКСТОВЫЕ МАТЕРИАЛЫ, МОНОГРАФИЧЕСКИЕ |
| Кодированные данные о монографическом текстовом документе |
c j 000yy |
| 200 1# - ЗАГЛАВИЕ И СВЕДЕНИЯ ОБ ОТВЕТСТВЕННОСТИ |
| Основное заглавие |
Философия нового времени: эмпиризм Бэкона и рационализм Декарта |
| Сведения, относящиеся к заглавию |
учебно-методическое пособие |
| Первые сведения об ответственности |
Е.А. Королькова, А.А. Королькова |
| Последующие сведения об ответственности |
М-во образования и науки Российской Федерации, Федеральное гос. автономное образовательное учреждение высш. проф. образования Санкт-Петербургский гос. ун-т аэрокосмического приборостроения |
| 210 ## - ПУБЛИКАЦИЯ, РАСПРОСТРАНЕНИЕ И ДР. |
| Место издания, распространения и т.д. |
Санкт-Петербург |
| Имя издателя, распространителя и т. д. |
ГУАП |
| Дата издания, распространения и т.д. |
2014 |
| 215 ## - ФИЗИЧЕСКАЯ ХАРАКТЕРИСТИКА |
| Специфическое обозначение материала и объем |
34, [1] с. |
| Другие сведения о физической характеристике |
портр. |
| Размеры |
21 |
| 320 ## - ПРИМЕЧАНИЯ О НАЛИЧИИ В ДОКУМЕНТЕ БИБЛИОГРАФИИ / УКАЗАТЕЛЯ |
| Текст примечания |
Библиогр.: с. 34 (17 назв.) |
| 600 #1 - ИМЯ ЛИЦА КАК ПРЕДМЕТ |
| Начальный элемент ввода |
Бэкон |
| Часть имени, кроме начального элемента ввода |
Ф. |
| Даты |
1561 - 1626 |
| Расширение инициалов личного имени |
Фрэнсис |
| Формальный подзаголовок |
Учебно-методические пособия для высших учебных заведений |
| Тематический подзаголовок |
Философские взгляды |
| Системный номер авторитетной/нормативной записи |
2305522 |
| Идентификатор авторитетной/нормативной записи |
RU\NLR\AUTH\661380089 |
| 600 #1 - ИМЯ ЛИЦА КАК ПРЕДМЕТ |
| Начальный элемент ввода |
Декарт |
| Часть имени, кроме начального элемента ввода |
Р. |
| Даты |
1596 - 1650 |
| Расширение инициалов личного имени |
Рене |
| Формальный подзаголовок |
Учебно-методические пособия для высших учебных заведений |
| Тематический подзаголовок |
Философские взгляды |
| Системный номер авторитетной/нормативной записи |
2140157 |
| Идентификатор авторитетной/нормативной записи |
RU\NLR\AUTH\661290022 |
| 686 1# - ИНДЕКСЫ ДРУГИХ КЛАССИФИКАЦИЙ |
| Индекс |
Ю3(4Вл)5-511я73 |
| 686 1# - ИНДЕКСЫ ДРУГИХ КЛАССИФИКАЦИЙ |
| Индекс |
Ю3(4Фр)5-517я73 |
| 700 #1 - ИМЯ ЛИЦА - ПЕРВИЧНАЯ ОТВЕТСТВЕННОСТЬ |
| Начальный элемент ввода |
Королькова |
| Часть имени, кроме начального элемента ввода |
Е. А. |
| Расширение инициалов личного имени |
Елена Антоновна |
| 701 #1 - ИМЯ ЛИЦА - АЛЬТЕРНАТИВНАЯ ОТВЕТСТВЕННОСТЬ |
| Начальный элемент ввода |
Королькова |
| Часть имени, кроме начального элемента ввода |
А. А. |
| Расширение инициалов личного имени |
Анна Александровна |
| 702 #1 - ИМЯ ЛИЦА - ВТОРИЧНАЯ ОТВЕТСТВЕННОСТЬ |
| Код отношения |
Прочие |
| Материалы, к которым относится поле |
rus |
| Графика поля |
Кириллица |
| Начальный элемент ввода |
Бэкон |
| Часть имени, кроме начального элемента ввода |
Ф. |
| Дополнения к именам, кроме дат |
философ |
| Расширение инициалов личного имени |
Фрэнсис |
| Даты |
1561-1626 |
| Идентификатор авторитетной/нормативной записи |
RU\NLR\AUTH\7749430 |
| Системный номер авторитетной/нормативной записи |
32365 |
| 702 #1 - ИМЯ ЛИЦА - ВТОРИЧНАЯ ОТВЕТСТВЕННОСТЬ |
| Код отношения |
Прочие |
| Материалы, к которым относится поле |
rus |
| Графика поля |
Кириллица |
| Начальный элемент ввода |
Декарт |
| Часть имени, кроме начального элемента ввода |
Р. |
| Даты |
1596-1650 |
| Расширение инициалов личного имени |
Рене |
| Идентификатор авторитетной/нормативной записи |
RU\NLR\AUTH\779329 |
| Системный номер авторитетной/нормативной записи |
119162 |
| 801 #0 - ИСТОЧНИК ЗАПИСИ |
| Страна |
Российская Федерация |
| Организация |
РГБ |
| Дата составления |
20141017 |
| Правила каталогизации |
RCR |
| 856 4# - МЕСТОНАХОЖДЕНИЕ ЭЛЕКТРОННЫХ РЕСУРОВ И ДОСТУП К НИМ |
| Имя пользователя (logon/login) |
SV_MBA |
| Эмуляция терминала (Terminal emulation) |
VIEW |
| Универсальный идентификатор ресурса (Uniform Resource Identifier) |
https://webservices.nlr.ru/viewer/file?name=p010572146_002.jpg |
| Непубликуемое примечание (Nonpublic note) |
001 |
| Тип доступа (Access method) |
Страница |
| 856 4# - МЕСТОНАХОЖДЕНИЕ ЭЛЕКТРОННЫХ РЕСУРОВ И ДОСТУП К НИМ |
| Имя пользователя (logon/login) |
SV_MBA |
| Эмуляция терминала (Terminal emulation) |
VIEW |
| Универсальный идентификатор ресурса (Uniform Resource Identifier) |
https://webservices.nlr.ru/viewer/file?name=p010572146_003.jpg |
| Непубликуемое примечание (Nonpublic note) |
002 |
| Тип доступа (Access method) |
Страница |
| 856 4# - МЕСТОНАХОЖДЕНИЕ ЭЛЕКТРОННЫХ РЕСУРОВ И ДОСТУП К НИМ |
| Имя пользователя (logon/login) |
SV_MBA |
| Эмуляция терминала (Terminal emulation) |
VIEW |
| Универсальный идентификатор ресурса (Uniform Resource Identifier) |
https://webservices.nlr.ru/viewer/file?name=p010572146_004.jpg |
| Непубликуемое примечание (Nonpublic note) |
003 |
| Тип доступа (Access method) |
Страница |
| 856 41 - МЕСТОНАХОЖДЕНИЕ ЭЛЕКТРОННЫХ РЕСУРОВ И ДОСТУП К НИМ |
| Имя пользователя (logon/login) |
SV_MBA |
| Эмуляция терминала (Terminal emulation) |
VIEW |
| Универсальный идентификатор ресурса (Uniform Resource Identifier) |
https://webservices.nlr.ru/viewer/file?name=t010572146_001.jpg |
| Тип доступа (Access method) |
Обложка |
| 942 ## - ДОПОЛНИТЕЛЬНЫЕ ЭЛЕМЕНТЫ ЗАПИСИ (АБИС) |
| Тип экземпляра АБИС |
Книга |
| -- |
Книга |
| 980 ## - КОЛЛЕКЦИЯ |
| Название коллекции |
НБР |
| 980 ## - КОЛЛЕКЦИЯ |
| Название коллекции |
Национальная библиография |